Campeones de Segunda División - Estadísticas

Estadísticas generales
  • Esta prueba ha sido intentada 579 veces
  • La puntuación promedio es 90 de 111
Estadísticas de respuestas
Año Subcampeón Campeón % Correcto
2015 Sporting de Gijón Real Betis
96%
2011 Rayo Vallecano Real Betis
96%
1974 Hércules Real Betis
96%
1971 Burgos Real Betis
96%
1958 Tenerife Real Betis
96%
1942 Zaragoza Real Betis
96%
1932 Real Oviedo Real Betis
96%
1992 Rayo Vallecano Celta de Vigo
95%
1982 Salamanca Celta de Vigo
95%
1936 Zaragoza Celta de Vigo
95%
2012 Celta de Vigo Deportivo de La Coruña
94%
1968 Valladolid Deportivo de La Coruña
94%
1966 Celta de Vigo Deportivo de La Coruña
94%
1964 Sporting de Gijón Deportivo de La Coruña
94%
1962 Valladolid Deportivo de La Coruña
94%
2023 Las Palmas Granada
93%
1968 Calvo Sotelo Granada
93%
1957 Hércules Granada
93%
1941 Real Sociedad Granada
93%
1999 Atlético de Madrid B Málaga
93%
1988 Elche Málaga
93%
1967 Real Betis Málaga
93%
1952 Valencia Mestalla Málaga
93%
2001 Real Betis Sevilla
93%
1969 Celta de Vigo Sevilla
93%
1934 Atlético de Madrid Sevilla
93%
1929 Iberia SC Sevilla
93%
2007 UD Almería Valladolid
93%
1959 Sabadell Valladolid
93%
1948 Deportivo de La Coruña Valladolid
93%
1978 Recreativo de Huelva Zaragoza
93%
2005 Celta de Vigo Cádiz
91%
1975 Racing de Santander Real Oviedo
91%
1972 Castellón Real Oviedo
91%
1958 Sabadell Real Oviedo
91%
1952 Logroñés Real Oviedo
91%
1933 Atlético de Madrid Real Oviedo
91%
1977 Cádiz Sporting de Gijón
91%
1970 Málaga Sporting de Gijón
91%
1957 Sabadell Sporting de Gijón
91%
1951 Zaragoza Sporting de Gijón
91%
1944 Real Murcia Sporting de Gijón
91%
1965 Málaga Mallorca
90%
1960 Córdoba Mallorca
90%
2000 Osasuna Las Palmas
89%
1985 Cádiz Las Palmas
89%
1964 Hércules Las Palmas
89%
1954 Hércules Las Palmas
89%
1987 Deportivo de La Coruña Valencia
89%
1931 Sevilla Valencia
89%
1979 Málaga AD Almería
88%
2021 Mallorca Espanyol
88%
1994 Real Betis Espanyol
88%
1996 Logroñés Hércules
88%
1966 Granada Hércules
88%
1935 Osasuna Hércules
88%
2019 Granada Osasuna
88%
1961 Celta de Vigo Osasuna
88%
1956 Real Oviedo Osasuna
88%
1953 C.D. Condal Osasuna
88%
2022 Valladolid UD Almería
88%
2002 Racing de Santander Atlético de Madrid
87%
2020 Cádiz Huesca
87%
2017 Girona Levante
87%
2004 Getafe Levante
87%
2003 Zaragoza Real Murcia
87%
1986 Sabadell Real Murcia
87%
1983 Cádiz Real Murcia
87%
1980 Valladolid Real Murcia
87%
1973 Elche Real Murcia
87%
1963 Levante Real Murcia
87%
1955 Atlético Tetuán Real Murcia
87%
1940 Deportivo de La Coruña Real Murcia
87%
2018 Huesca Rayo Vallecano
86%
2013 Villarreal Elche
85%
1959 Levante Elche
85%
2010 Hércules Real Sociedad
83%
1967 Sporting de Gijón Real Sociedad
83%
1949 Málaga Real Sociedad
83%
1961 Ceuta Tenerife
83%
1962 Málaga Córdoba
80%
1946 Deportivo de La Coruña Sabadell
80%
1943 Real Sociedad Sabadell
80%
2016 Leganés Deportivo Alavés
79%
1998 Extremadura Deportivo Alavés
79%
1954 Barakaldo Deportivo Alavés
79%
1930 Sporting de Gijón Deportivo Alavés
79%
2014 Deportivo de La Coruña Eibar
75%
1960 Celta de Vigo Racing de Santander
74%
1950 Lleida Racing de Santander
74%
2006 Gimnàstic Tarragona Recreativo de Huelva
73%
1989 Rayo Vallecano Castellón
70%
1981 Cádiz Castellón
70%
1976 Celta de Vigo Burgos
67%
1990 Real Betis Real Burgos
67%
1991 Deportivo de La Coruña Albacete Balompié
59%
1993 Valladolid Lleida
58%
1956 Real Betis Real Jaén
50%
1953 Hércules Real Jaén
50%
2008 Málaga Numancia
47%
2009 Zaragoza Xerez
46%
1997 Salamanca Mérida
40%
1995 Rayo Vallecano Mérida
40%
1951 Salamanca Atlético Tetuán
38%
1955 Real Oviedo Cultural Leonesa
37%
1984 Bilbao Athletic Real Madrid Castilla
36%
1965 Sabadell Pontevedra
34%
1963 Espanyol Pontevedra
34%
1950 Real Murcia Alcoyano
21%
1947 Gimnàstic Tarragona Alcoyano
21%
1945 Hércules Alcoyano
21%
No se encontraron pruebas coincidentes
Distribución de puntuación
Porcentaje de gente con cada puntuación
Porcentaje por número respondido
Historial de tus puntuaciones
No has intentado esta prueba.